Statistics for Biggest Trading Partners - Ireland

Click here to take the quiz!

General Stats

  • This quiz has been taken 296 times
  • The average score is 29 of 32

Answer Stats

ExportsCountry% Correct
$18.9 B | $21.1 BUnited Kingdom
100%
$12 B | $34.3 BUnited States
99%
$3.82 B | $4.4 BChina
98%
$11.5 B | $6.37 BGermany
98%
$6.2 B | $7.01 BFrance
97%
$2.97 B | $6 BNetherlands
97%
$1.33 B | $3.6 BSpain
97%
$1.34 B | $4.6 BItaly
96%
$1.73 B | $7.23 BJapan
94%
$1.66 B | $19.5 BBelgium
93%
$1.96 B | $710 MSweden
93%
$1.51 B | $639 MPoland
93%
$1.4 BNorway
90%
$1.61 BAustralia
84%
$635 MDenmark
84%
$624 MIndia
84%
$1.25 B | $7.41 BSwitzerland
82%
$1.5 BMexico
82%
$1.7 BSaudi Arabia
53%

Score Distribution

Percentile by Number Answered

Percent of People with Each Score

Your Score History

You have not taken this quiz